[Event "Plzen, FSB A"]
[Site "?"]
[Date "2004.??.??"]
[Round "3.9"]
[White "Tuma, J."]
[Black "Cvek, R."]
[Result "0-1"]
[WhiteElo "2192"]
[BlackElo "2461"]
[PlyCount "88"]
[EventDate "2004.??.??"]
[Source "ChessBase"]
[SourceDate "1996.11.15"]

1. e4 c5 2. Nf3 Nc6 3. d4 cxd4 4. Nxd4 Nf6 5. Nc3 d6 6. g3 e6 7. Bg2 Bd7 8. O-O
a6 9. Re1 Be7 10. Nxc6 Bxc6 11. e5 dxe5 12. Bxc6+ bxc6 13. Qf3 Nd5 14. Rxe5 O-O
15. Re1 Rb8 16. Ne4 f5 17. Nc3 Qd7 18. Qd3 Bf6 19. Nxd5 cxd5 20. Qxa6 e5 21.
Qe2 d4 22. a4 e4 23. Ra3 Rfc8 24. Rd1 Rb4 25. a5 Rbc4 26. c3 d3 27. Qd2 Ra4 28.
Rxa4 Qxa4 29. g4 Bg5 30. Qe1 e3 31. Bxe3 Qxg4+ 32. Kf1 f4 33. Bxf4 Qh3+ 34. Kg1
Bxf4 35. Rxd3 Qxh2+ 36. Kf1 Qh1+ 37. Ke2 Qe4+ 38. Re3 Bxe3 39. fxe3 Rd8 40. b4
Qg2+ 41. Qf2 Rd2+ 42. Kxd2 Qxf2+ 43. Kd3 Qf1+ 44. Kd4 Qb5 0-1

[Event "Plzen, FSB A"]
[Site "?"]
[Date "2004.??.??"]
[Round "3.10"]
[White "Purnoch, J."]
[Black "Neuman, P."]
[Result "0-1"]
[WhiteElo "2184"]
[BlackElo "2428"]
[PlyCount "48"]
[EventDate "2004.??.??"]
[Source "ChessBase"]
[SourceDate "1996.11.15"]

1. d4 g6 2. c4 Bg7 3. Nc3 c5 4. d5 Bxc3+ 5. bxc3 f5 6. Nh3 Qa5 7. Qc2 d6 8. f3
Nf6 9. Nf2 e5 10. dxe6 Bxe6 11. Bf4 Nc6 12. e4 O-O-O 13. Rb1 fxe4 14. fxe4 Rhf8
15. Be2 Nxe4 16. Qxe4 Bf5 17. Bg4 Rfe8 18. O-O Rxe4 19. Nxe4 Bxg4 20. Nxd6+
Rxd6 21. Bxd6 Bf5 22. Rbc1 b6 23. Rf2 Qa4 24. h3 h5 0-1

[Event "Plzen, FSB A"]
[Site "?"]
[Date "2004.??.??"]
[Round "3.11"]
[White "Kana, P."]
[Black "Berescu, A."]
[Result "0-1"]
[WhiteElo "2159"]
[BlackElo "2404"]
[PlyCount "42"]
[EventDate "2004.??.??"]
[Source "ChessBase"]
[SourceDate "1996.11.15"]

1. e4 e6 2. d4 d5 3. exd5 exd5 4. c4 Nf6 5. Nc3 Bb4 6. a3 Bxc3+ 7. bxc3 O-O 8.
Nf3 Re8+ 9. Be2 Ne4 10. Qb3 dxc4 11. Qxc4 Be6 12. Qd3 Bf5 13. Ne5 Nd7 14. Nxd7
Qxd7 15. Qf3 Nf6 16. h3 Be4 17. Qg3 Bg6 18. Kf1 Rxe2 19. Kxe2 Qb5+ 20. Ke1 Re8+
21. Be3 Bh5 0-1

[Event "Plzen, FSB A"]
[Site "?"]
[Date "2004.??.??"]
[Round "3.12"]
[White "Havlik, J."]
[Black "Heinzel, O."]
[Result "1/2-1/2"]
[WhiteElo "2136"]
[BlackElo "2402"]
[PlyCount "66"]
[EventDate "2004.??.??"]
[Source "ChessBase"]
[SourceDate "1996.11.15"]

1. e4 d5 2. exd5 Nf6 3. d4 Nxd5 4. c4 Nb6 5. Nf3 g6 6. Nc3 Bg7 7. c5 Nd5 8. Bc4
Nxc3 9. bxc3 O-O 10. O-O Nd7 11. Re1 h6 12. Bf4 c6 13. Qe2 e6 14. Qe3 Kh7 15.
h4 Re8 16. h5 g5 17. Bxg5 hxg5 18. Nxg5+ Kg8 19. Qg3 Qf6 20. Ne4 Qh6 21. Nd6
Rf8 22. Nxf7 Rxf7 23. Rxe6 Nf6 24. Re7 Nd5 25. Rxf7 Kxf7 26. Qc7+ Kg8 27. Qd8+
Bf8 28. Re1 Kg7 29. Bxd5 cxd5 30. Re3 Qxh5 31. Rg3+ Kh7 32. Qxf8 Qd1+ 33. Kh2
Qh5+ 1/2-1/2

[Event "Plzen, FSB A"]
[Site "?"]
[Date "2004.??.??"]
[Round "3.13"]
[White "Chalus, K."]
[Black "Sikora-Lerch, J."]
[Result "0-1"]
[WhiteElo "2123"]
[BlackElo "2320"]
[PlyCount "43"]
[EventDate "2004.??.??"]
[Source "ChessBase"]
[SourceDate "1996.11.15"]

1. e4 d5 2. exd5 Nf6 3. d4 Nxd5 4. Nf3 Bg4 5. h3 Bh5 6. g4 Bg6 7. Ne5 Nd7 8.
Nxg6 hxg6 9. Bg2 c6 10. O-O Qc7 11. f4 e6 12. c4 N5f6 13. Nc3 O-O-O 14. Be3 e5
15. d5 exf4 16. Rxf4 Bc5 17. Rf3 Qb6 18. Bxc5 Qxc5+ 19. Rf2 Ne5 20. g5 Nh5 21.
Qe2 Nf4 22. Qg4+ 0-1

[Event "Plzen, FSB A"]
[Site "?"]
[Date "2004.??.??"]
[Round "3.14"]
[White "Muk, I."]
[Black "Cifka, S."]
[Result "0-1"]
[WhiteElo "1916"]
[BlackElo "2302"]
[PlyCount "72"]
[EventDate "2004.??.??"]
[Source "ChessBase"]
[SourceDate "1996.11.15"]

1. d4 e6 2. c4 Nf6 3. Nc3 Bb4 4. Qc2 Nc6 5. e3 O-O 6. Bd2 d6 7. Nf3 e5 8. dxe5
dxe5 9. a3 Bxc3 10. Bxc3 e4 11. Ne5 Nxe5 12. Bxe5 Qe7 13. Qc3 Bg4 14. h3 Bh5
15. g4 Bg6 16. Be2 Ne8 17. h4 f6 18. Bf4 Rd8 19. c5 Bf7 20. g5 Be6 21. Rg1 b6
22. b4 bxc5 23. bxc5 Rd5 24. Rc1 fxg5 25. Bxg5 Qf7 26. Bf4 Nf6 27. Bc4 Rd7 28.
c6 Re7 29. Rc2 Rb8 30. Bxe6 Qxe6 31. Bg5 Rf7 32. Bxf6 Rxf6 33. Rb2 Rbf8 34. Rc2
Kh8 35. Rg5 Qh3 36. Qd2 Qh1+ 0-1

[Event "Plzen, FSB A"]
[Site "?"]
[Date "2004.??.??"]
[Round "3.15"]
[White "Studnicka, T."]
[Black "Hlavac, R."]
[Result "1-0"]
[WhiteElo "2302"]
[BlackElo "2165"]
[PlyCount "49"]
[EventDate "2004.??.??"]
[Source "ChessBase"]
[SourceDate "1996.11.15"]

1. d4 Nf6 2. c4 g6 3. Nc3 d5 4. Nf3 Bg7 5. cxd5 Nxd5 6. e4 Nxc3 7. bxc3 O-O 8.
Be2 c5 9. O-O Nc6 10. Be3 Qa5 11. Qb3 cxd4 12. cxd4 Bg4 13. Rad1 b6 14. d5 Ne5
15. Bd2 Qc5 16. Bb4 Qc7 17. d6 exd6 18. Bxd6 Qb7 19. Bxf8 Rxf8 20. Qe3 Be6 21.
Nxe5 Bxe5 22. f4 Bc7 23. f5 Bxa2 24. f6 Kh8 25. Qa3 1-0

[Event "Plzen, FSB A"]
[Site "?"]
[Date "2004.??.??"]
[Round "3.16"]
[White "Zawadzka, J."]
[Black "Beran, B."]
[Result "1-0"]
[WhiteElo "2272"]
[BlackElo "2158"]
[PlyCount "57"]
[EventDate "2004.??.??"]
[Source "ChessBase"]
[SourceDate "1996.11.15"]

1. e4 e5 2. Nf3 Nc6 3. Bb5 a6 4. Ba4 Nf6 5. O-O b5 6. Bb3 Be7 7. Re1 d6 8. c3
Na5 9. Bc2 c5 10. d4 Qc7 11. h3 O-O 12. Nbd2 Nc6 13. d5 Nb8 14. a4 b4 15. cxb4
cxb4 16. a5 Nbd7 17. Nb3 Nc5 18. Be3 Bd7 19. Nfd2 Nxb3 20. Bxb3 Bb5 21. Nf1
Bxf1 22. Kxf1 Qd7 23. Ba4 Qc7 24. Bc6 Rab8 25. Qd3 Nd7 26. Qxa6 Nc5 27. Qc4 f5
28. Bxc5 dxc5 29. d6+ 1-0

[Event "Plzen, FSB A"]
[Site "?"]
[Date "2004.??.??"]
[Round "3.17"]
[White "Simunek, A."]
[Black "Toman, Jan"]
[Result "1-0"]
[WhiteElo "2200"]
[BlackElo "2103"]
[PlyCount "71"]
[EventDate "2004.??.??"]
[Source "ChessBase"]
[SourceDate "1996.11.15"]

1. e4 c5 2. Nc3 Nc6 3. g3 g6 4. d3 Bg7 5. Be3 d6 6. Qd2 e6 7. Bg2 Rb8 8. Nge2
b5 9. Nd1 Bb7 10. c3 Ne5 11. f4 Ng4 12. Bg1 f5 13. h3 N4f6 14. Nf2 Ne7 15. g4
O-O 16. Ng3 Nd7 17. Nd1 e5 18. gxf5 exf4 19. Qxf4 Ne5 20. Kd2 gxf5 21. Qg5 h6
22. Qh4 f4 23. Nh5 f3 24. Qg3 N7g6 25. Bf1 d5 26. Nxg7 Kxg7 27. Bxc5 dxe4 28.
Bxf8+ Kxf8 29. d4 Qd6 30. Kc2 Rd8 31. Rg1 Kf7 32. Ne3 a6 33. Nf5 Qd5 34. Nxh6+
Kf8 35. Qg5 Bc8 36. dxe5 1-0

[Event "Plzen, FSB A"]
[Site "?"]
[Date "2004.??.??"]
[Round "3.18"]
[White "Racek, J."]
[Black "Grunberg, M."]
[Result "0-1"]
[WhiteElo "2112"]
[BlackElo "2403"]
[PlyCount "46"]
[EventDate "2004.??.??"]
[Source "ChessBase"]
[SourceDate "1996.11.15"]

1. d4 f5 2. Nf3 Nf6 3. g3 g6 4. Bg2 Bg7 5. O-O O-O 6. c3 c6 7. Nbd2 Ne4 8. Nxe4
fxe4 9. Ng5 d5 10. f3 exf3 11. exf3 e5 12. dxe5 Bxe5 13. Re1 Bf6 14. f4 Qb6+
15. Be3 Qxb2 16. Bd4 Bxd4+ 17. cxd4 Na6 18. Re3 Bg4 19. Bxd5+ cxd5 20. Qxg4
Qxa1+ 21. Kg2 Rf5 22. Nxh7 Qb2+ 23. Re2 Qb6 0-1

[Event "Plzen, FSB A"]
[Site "?"]
[Date "2004.??.??"]
[Round "3.19"]
[White "Michalek, J."]
[Black "Mitterhuemer, G."]
[Result "1-0"]
[WhiteElo "2377"]
[BlackElo "2075"]
[PlyCount "107"]
[EventDate "2004.??.??"]
[Source "ChessBase"]
[SourceDate "1996.11.15"]

1. e4 d5 2. exd5 Nf6 3. Bb5+ Bd7 4. Be2 Nxd5 5. d4 Bf5 6. Nf3 e6 7. O-O h6 8.
a3 Be7 9. c4 Nf6 10. Nc3 O-O 11. h3 c5 12. Be3 Na6 13. Ra2 Ne4 14. Nxe4 Bxe4
15. b3 Qc7 16. Qc1 Rfd8 17. Rd1 Bf6 18. Qc3 Bxf3 19. Bxf3 e5 20. dxe5 Rxd1+ 21.
Bxd1 Bxe5 22. Qc1 Rd8 23. Bf3 Nb8 24. Rd2 b6 25. Rxd8+ Qxd8 26. b4 Qd6 27. Qd2
Qxd2 28. Bxd2 Bb2 29. a4 cxb4 30. Bxb4 Bd4 31. Bd6 Nd7 32. Kf1 a5 33. Ke2 Nc5
34. Bc6 Kh7 35. Bc7 Ne6 36. Bg3 Nc5 37. Bb8 Kg6 38. f4 Kf6 39. Kf3 Ke6 40. g4
g6 41. Bb5 f5 42. Bc7 Nd7 43. Bc6 Bf6 44. g5 hxg5 45. fxg5 Bd4 46. h4 Ne5+ 47.
Bxe5 Kxe5 48. Be8 Bc3 49. Kg3 Be1+ 50. Kh3 f4 51. Bxg6 Kd4 52. Bf7 f3 53. g6
Bxh4 54. g7 1-0

[Event "Plzen, FSB A"]
[Site "?"]
[Date "2004.??.??"]
[Round "3.20"]
[White "Gross, S."]
[Black "Valickova, M."]
[Result "1/2-1/2"]
[WhiteElo "2294"]
[BlackElo "2063"]
[PlyCount "77"]
[EventDate "2004.??.??"]
[Source "ChessBase"]
[SourceDate "1996.11.15"]

1. Nf3 Nf6 2. g3 b5 3. c3 Bb7 4. Bg2 e6 5. O-O d6 6. Qb3 a6 7. c4 c5 8. cxb5
Bd5 9. Qa4 Qd7 10. Nc3 axb5 11. Qxb5 Qxb5 12. Nxb5 Rxa2 13. Rxa2 Bxa2 14. d3
Be7 15. Bf4 e5 16. Ra1 exf4 17. Rxa2 fxg3 18. hxg3 O-O 19. Ra7 Nbd7 20. Ng5 Rd8
21. Ne4 Nxe4 22. Bxe4 Kf8 23. Rb7 Nf6 24. Bf5 g6 25. Bh3 Nd5 26. Na7 Nb4 27.
Bd7 Bf6 28. b3 d5 29. Kg2 Be5 30. Ba4 Bd6 31. Nc6 Nxc6 32. Bxc6 Be7 33. e4 dxe4
34. dxe4 h5 35. Bd5 g5 36. Kf3 g4+ 37. Kf4 Rd6 38. Ke3 Rh6 39. Rb8+ 1/2-1/2

[Event "Plzen, FSB A"]
[Site "?"]
[Date "2004.??.??"]
[Round "3.21"]
[White "de Cauter, W."]
[Black "Franchini, G."]
[Result "0-1"]
[WhiteElo "2089"]
[BlackElo "2215"]
[PlyCount "42"]
[EventDate "2004.??.??"]
[Source "ChessBase"]
[SourceDate "1996.11.15"]

1. f4 e6 2. Nf3 b6 3. e3 Bb7 4. Be2 Be7 5. O-O f5 6. d3 Nf6 7. b3 O-O 8. Bb2 a6
9. c4 d6 10. Nd4 Qd7 11. Bf3 Bxf3 12. Qxf3 d5 13. Kh1 c5 14. Nc2 Nc6 15. Nd2 b5
16. Rad1 a5 17. Qe2 Nb4 18. Nf3 Nxa2 19. Ne5 Qb7 20. cxd5 Nxd5 21. Ne1 Ndc3 0-1

[Event "Plzen, FSB A"]
[Site "?"]
[Date "2004.??.??"]
[Round "3.22"]
[White "Bukacek, L."]
[Black "Maurer, J."]
[Result "1-0"]
[WhiteElo "2091"]
[BlackElo "2198"]
[PlyCount "119"]
[EventDate "2004.??.??"]
[Source "ChessBase"]
[SourceDate "1996.11.15"]

1. d4 Nf6 2. Bg5 e6 3. e4 c5 4. Bxf6 Qxf6 5. c3 cxd4 6. cxd4 Nc6 7. Nf3 Bb4+ 8.
Nc3 O-O 9. Be2 d5 10. e5 Qh6 11. Qc1 f6 12. Qxh6 gxh6 13. exf6 Rxf6 14. O-O Bd7
15. Ne5 Be8 16. Nxc6 bxc6 17. Rac1 Bd6 18. g3 Rb8 19. b3 Ba3 20. Rcd1 c5 21.
dxc5 Bxc5 22. Bg4 h5 23. Bh3 h4 24. Kg2 Bb4 25. Rc1 Ba3 26. Rcd1 Rc8 27. Nxd5
Bc6 28. Kg1 exd5 29. Bxc8 hxg3 30. hxg3 Bc5 31. Bh3 Bb5 32. Bg2 d4 33. Rc1 Bb6
34. Bd5+ Kg7 35. Bc4 Bc6 36. Bd3 Bf3 37. Rfe1 Rh6 38. Re7+ Kf8 39. Rxh7 Rxh7
40. Bxh7 Be2 41. Kg2 Kg7 42. Be4 d3 43. Bxd3 Bxd3 44. f3 Kf6 45. a4 Ke5 46. g4
Kf4 47. Rc8 Be2 48. Rf8+ Kg5 49. Rf5+ Kg6 50. f4 Bd1 51. a5 Be3 52. Rd5 Bc2 53.
Kf3 Bc1 54. b4 Ba4 55. Rd6+ Kf7 56. f5 Ba3 57. Kf4 Ke7 58. Re6+ Kf7 59. Re4
Bc1+ 60. Ke5 1-0

[Event "Plzen, FSB A"]
[Site "?"]
[Date "2004.??.??"]
[Round "3.23"]
[White "Vrana, J."]
[Black "Koth, S."]
[Result "1-0"]
[WhiteElo "2074"]
[BlackElo "2190"]
[PlyCount "87"]
[EventDate "2004.??.??"]
[Source "ChessBase"]
[SourceDate "1996.11.15"]

1. e4 c5 2. c3 g6 3. d4 cxd4 4. cxd4 Bg7 5. Nc3 d6 6. h3 Nf6 7. Nf3 O-O 8. Bc4
a6 9. a4 b6 10. O-O Bb7 11. Qe2 Nc6 12. e5 Ne8 13. Bf4 e6 14. Rfd1 d5 15. Bd3
Nb4 16. Bb1 Nc7 17. Qd2 a5 18. Nh2 Ba6 19. Ng4 Rc8 20. Bg5 f6 21. exf6 Bxf6 22.
Nxf6+ Rxf6 23. Bxf6 Qxf6 24. Ra3 Rf8 25. Na2 Ne8 26. Nxb4 axb4 27. Rf3 Qe7 28.
Rxf8+ Qxf8 29. Bd3 Bc8 30. Rc1 Bd7 31. Bb5 Bxb5 32. axb5 Nf6 33. Rc6 Ne4 34.
Qe3 Qd8 35. f3 Ng5 36. h4 Nf7 37. Qxe6 Kg7 38. g3 b3 39. Rxb6 Qc7 40. Kg2 Kh6
41. Rc6 Qb7 42. b6 Qa8 43. Qxf7 Qb8 44. Qf4+ 1-0

[Event "Plzen, FSB A"]
[Site "?"]
[Date "2004.??.??"]
[Round "3.24"]
[White "Sedlacek, J."]
[Black "Galicek, S."]
[Result "0-1"]
[WhiteElo "2069"]
[BlackElo "2181"]
[PlyCount "90"]
[EventDate "2004.??.??"]
[Source "ChessBase"]
[SourceDate "1996.11.15"]

1. c4 c5 2. Nc3 Nc6 3. g3 g6 4. Bg2 Bg7 5. e4 d6 6. Nge2 e6 7. O-O Nge7 8. d3
O-O 9. Be3 Nd4 10. Rb1 Nec6 11. a3 a5 12. f4 f5 13. b3 Rb8 14. Kh1 b6 15. Qd2
Bb7 16. Bf2 Qd7 17. Nxd4 Nxd4 18. b4 axb4 19. axb4 Bc6 20. Rfe1 Ra8 21. bxc5
bxc5 22. Ne2 e5 23. Nxd4 exd4 24. Rb6 Rab8 25. Rb2 fxe4 26. dxe4 Rb7 27. Reb1
Rxb2 28. Rxb2 Re8 29. Qd3 Qa7 30. Rb1 Qa5 31. Be1 Qa8 32. Bd2 Bxe4 33. Bxe4
Qxe4+ 34. Qxe4 Rxe4 35. g4 Re2 36. Rd1 Kf7 37. Ba5 Rc2 38. Rb1 Rxc4 39. Rb7+
Kg8 40. Rb8+ Bf8 41. Bd8 d3 42. Bg5 d2 43. Bh6 d1=Q+ 44. Kg2 Qxg4+ 45. Kf2 Rc2+
0-1

[Event "Plzen, FSB A"]
[Site "?"]
[Date "2004.??.??"]
[Round "3.25"]
[White "Bujak, M."]
[Black "Vachtfeidl, P."]
[Result "1-0"]
[WhiteElo "2179"]
[BlackElo "2060"]
[PlyCount "97"]
[EventDate "2004.??.??"]
[Source "ChessBase"]
[SourceDate "1996.11.15"]

1. e4 c5 2. Nf3 d6 3. d4 cxd4 4. Nxd4 Nf6 5. Nc3 a6 6. Bg5 e6 7. f4 Qc7 8. Bxf6
gxf6 9. Be2 Nc6 10. Qd2 h5 11. O-O-O Bd7 12. Kb1 b5 13. Bxb5 axb5 14. Ndxb5 Qb8
15. Nxd6+ Qxd6 16. Qxd6 Bxd6 17. Rxd6 Rg8 18. Rhd1 Ra7 19. R6d2 Ke7 20. Nb5 Rb7
21. Nd6 Ra7 22. c4 e5 23. Nb5 Rb7 24. f5 Nd4 25. Nxd4 exd4 26. Re2 Bc6 27. Rxd4
Rd7 28. Rxd7+ Kxd7 29. g3 Re8 30. Kc2 Bxe4+ 31. Kc3 Bxf5 32. Rxe8 Kxe8 33. Kd4
Kd7 34. a4 Bc2 35. a5 Kc6 36. b4 Bd1 37. b5+ Kb7 38. Kc5 Be2 39. a6+ Ka7 40.
Kb4 Kb6 41. c5+ Ka7 42. Ka5 Bf3 43. c6 Kb8 44. Kb6 Be2 45. h3 Bf1 46. g4 Bxh3
47. gxh5 Bf1 48. h6 Bd3 49. a7+ 1-0

[Event "Plzen, FSB A"]
[Site "?"]
[Date "2004.??.??"]
[Round "3.26"]
[White "Kamenik, M."]
[Black "Vasicek, M."]
[Result "0-1"]
[WhiteElo "2057"]
[BlackElo "2175"]
[PlyCount "56"]
[EventDate "2004.??.??"]
[Source "ChessBase"]
[SourceDate "1996.11.15"]

1. e4 c6 2. d4 d5 3. e5 Bf5 4. g4 Bd7 5. f4 e6 6. Nf3 h5 7. g5 g6 8. Bd3 c5 9.
c3 Qb6 10. O-O Bb5 11. b3 Bxd3 12. Qxd3 Nc6 13. Be3 cxd4 14. Nxd4 Bc5 15. Nd2
Bxd4 16. Bxd4 Nxd4 17. cxd4 Ne7 18. Rfc1 O-O 19. a3 Rfc8 20. b4 a5 21. b5 a4
22. Kg2 Nf5 23. Nf3 Rc4 24. Rxc4 dxc4 25. Qe4 Rc8 26. Kh3 Qxb5 27. Ne1 Qb3+ 28.
Qf3 Nxd4 0-1

[Event "Plzen, FSB A"]
[Site "?"]
[Date "2004.??.??"]
[Round "3.27"]
[White "Folkova, M."]
[Black "Cvikl, M."]
[Result "1-0"]
[WhiteElo "2165"]
[BlackElo "2056"]
[PlyCount "59"]
[EventDate "2004.??.??"]
[Source "ChessBase"]
[SourceDate "1996.11.15"]

1. e4 c5 2. Nf3 Nc6 3. d4 cxd4 4. Nxd4 e5 5. Nb5 a6 6. Nd6+ Bxd6 7. Qxd6 Qf6 8.
Qd1 Qg6 9. Nc3 d5 10. Nxd5 Qxe4+ 11. Ne3 Be6 12. Bd3 Qd4 13. c3 Qd7 14. Qe2 Nf6
15. O-O O-O 16. Rd1 Qc7 17. Bf5 Rfe8 18. b3 Rad8 19. Ba3 Qc8 20. Bc2 e4 21. h3
Qc7 22. Bb2 Ne5 23. c4 Bc8 24. Rxd8 Rxd8 25. Rd1 Rxd1+ 26. Qxd1 Kf8 27. Ba3+
Ke8 28. Bd6 Nf3+ 29. gxf3 Qd7 30. Bxe4 1-0

[Event "Plzen, FSB A"]
[Site "?"]
[Date "2004.??.??"]
[Round "3.28"]
[White "Toman, Jar"]
[Black "Kudlacek, J."]
[Result "0-1"]
[WhiteElo "2145"]
[BlackElo "2039"]
[PlyCount "72"]
[EventDate "2004.??.??"]
[Source "ChessBase"]
[SourceDate "1996.11.15"]

1. e4 Nf6 2. e5 Nd5 3. d4 d6 4. c4 Nb6 5. exd6 cxd6 6. Nc3 Bf5 7. Nf3 e6 8. b3
Be7 9. Be2 O-O 10. O-O N8d7 11. Ba3 a6 12. Nd2 Nf6 13. Bf3 Rb8 14. Re1 Re8 15.
Nf1 Bf8 16. Bb4 Nc8 17. Qd2 Ne7 18. Ng3 Bg6 19. Ba3 Nc6 20. d5 Ne5 21. Be4 Qa5
22. Qb2 Nxe4 23. Ngxe4 Nd3 24. b4 Nxb2 25. bxa5 Nxc4 26. Bb4 e5 27. Na4 Rec8
28. f3 f5 29. Nec3 b5 30. axb6 a5 31. Bxa5 Nxa5 32. Rab1 f4 33. Rb4 Rc4 34. Rb5
Nb7 35. Rb3 Bc2 36. Ra3 Ra8 0-1

[Event "Plzen, FSB A"]
[Site "?"]
[Date "2004.??.??"]
[Round "3.29"]
[White "Spirek, A."]
[Black "Pech, V."]
[Result "1-0"]
[WhiteElo "2049"]
[BlackElo "2135"]
[PlyCount "85"]
[EventDate "2004.??.??"]
[Source "ChessBase"]
[SourceDate "1996.11.15"]

1. e4 c5 2. Nf3 Nc6 3. Bb5 e6 4. Bxc6 bxc6 5. d3 Ne7 6. O-O Ng6 7. e5 Be7 8.
Nbd2 f6 9. Nc4 O-O 10. Re1 fxe5 11. Nfxe5 Nxe5 12. Nxe5 Qc7 13. f4 Bh4 14. Re3
Rxf4 15. Rh3 Bf2+ 16. Kh1 Rf5 17. Ng4 Bb7 18. Nxf2 Rxf2 19. Be3 Rf5 20. c4 Raf8
21. Qe2 d6 22. g4 R5f7 23. Bg5 e5 24. Qe4 g6 25. Bh6 Rf1+ 26. Rxf1 Rxf1+ 27.
Kg2 Qf7 28. Qe2 Rf4 29. Bxf4 exf4 30. Rf3 Bc8 31. h3 g5 32. Rf1 Qe6 33. Re1
Qxe2+ 34. Rxe2 Kf7 35. Kf3 Be6 36. h4 h6 37. hxg5 hxg5 38. Rh2 Kf6 39. Rh8 Ke5
40. Re8 Kf6 41. Ra8 Ke5 42. Rxa7 Kd4 43. Re7 1-0

[Event "Plzen, FSB A"]
[Site "?"]
[Date "2004.??.??"]
[Round "3.30"]
[White "Jenicek, E."]
[Black "Pokrupa, M."]
[Result "1-0"]
[WhiteElo "2021"]
[BlackElo "2122"]
[PlyCount "63"]
[EventDate "2004.??.??"]
[Source "ChessBase"]
[SourceDate "1996.11.15"]

1. Nf3 c5 2. c4 Nc6 3. d4 cxd4 4. Nxd4 g6 5. e4 Bg7 6. Be3 Nf6 7. Nc3 O-O 8.
Be2 d6 9. O-O Bd7 10. Rc1 Nxd4 11. Bxd4 Bc6 12. Bf3 a5 13. Nd5 Nd7 14. Bxg7
Kxg7 15. Qd4+ f6 16. b3 Nc5 17. Rfe1 e5 18. Qd2 Bxd5 19. Qxd5 Qb6 20. Re3 Rfd8
21. Bg4 Qb4 22. Rh3 a4 23. f4 Qb6 24. Kf1 axb3 25. Rxh7+ Kxh7 26. Qf7+ Kh6 27.
Rc3 exf4 28. Qxf6 Nd3 29. Rxd3 f3 30. Rxf3 Qe3 31. Rxe3 Rf8 32. Rh3# 1-0

[Event "Plzen, FSB A"]
[Site "?"]
[Date "2004.??.??"]
[Round "3.31"]
[White "van der Veen, R."]
[Black "Jenicek, M."]
[Result "0-1"]
[WhiteElo "2002"]
[BlackElo "2117"]
[PlyCount "76"]
[EventDate "2004.??.??"]
[Source "ChessBase"]
[SourceDate "1996.11.15"]

1. d4 d5 2. c4 c6 3. Nf3 Nf6 4. Nc3 e6 5. Bg5 dxc4 6. Ne5 b5 7. e3 h6 8. Bh4
Bb7 9. Qf3 Bb4 10. Be2 g5 11. Bg3 Nbd7 12. O-O Qb6 13. Ne4 Be7 14. Nxd7 Nxd7
15. Be5 Rg8 16. a4 c5 17. dxc5 Nxc5 18. Nf6+ Bxf6 19. Qxf6 Nd7 20. a5 Qa6 21.
Qxh6 Nxe5 22. Rfd1 Qc6 23. f3 g4 24. Qh7 Ke7 25. Qh4+ f6 26. Qh7+ Kf8 27. Qh6+
Kf7 28. Qh5+ Rg6 29. Kf2 Kg7 30. a6 Rh8 31. axb7 Qxb7 32. Qxh8+ Kxh8 33. Rd6
gxf3 34. Bxf3 Nxf3 35. gxf3 Qg7 36. Rad1 Rg2+ 37. Kf1 Rg1+ 38. Kf2 Qg2# 0-1

[Event "Plzen, FSB A"]
[Site "?"]
[Date "2004.??.??"]
[Round "3.32"]
[White "Gutdeutsch, O."]
[Black "Peniska, P."]
[Result "0-1"]
[WhiteElo "2116"]
[BlackElo "2011"]
[PlyCount "46"]
[EventDate "2004.??.??"]
[Source "ChessBase"]
[SourceDate "1996.11.15"]

1. e4 c5 2. Nf3 Nc6 3. d4 cxd4 4. Nxd4 g6 5. Be3 Bg7 6. Nc3 Nf6 7. Be2 O-O 8.
O-O d5 9. Nxc6 bxc6 10. exd5 cxd5 11. Bf3 e6 12. Bd4 Qa5 13. Re1 Rb8 14. Rb1
Bd7 15. Be5 Rb7 16. a3 Rc8 17. h4 h5 18. Qd2 Ne8 19. g4 hxg4 20. Bxg4 Qd8 21.
Qg5 Qxg5 22. hxg5 Bxe5 23. Rxe5 Rxc3 0-1

[Event "Plzen, FSB A"]
[Site "?"]
[Date "2004.??.??"]
[Round "3.33"]
[White "Cekan, P."]
[Black "Hodova, L."]
[Result "0-1"]
[WhiteElo "1894"]
[BlackElo "2112"]
[PlyCount "62"]
[EventDate "2004.??.??"]
[Source "ChessBase"]
[SourceDate "1996.11.15"]

1. d4 Nf6 2. c4 c5 3. Nf3 cxd4 4. Nxd4 e5 5. Nb5 d5 6. cxd5 Bc5 7. e3 O-O 8.
N5c3 e4 9. Be2 Bf5 10. a3 Qe7 11. Nd2 Rd8 12. b4 Bd6 13. Bb2 Be5 14. Qb3 Nbd7
15. Nc4 Rac8 16. Nxe5 Nxe5 17. O-O-O Nd3+ 18. Bxd3 exd3 19. Kb1 Ne4 20. Rhf1
Qc7 21. Ka1 Nxc3 22. Rc1 Qc4 23. Qxc4 Rxc4 24. Rxc3 Rdc8 25. Rxc4 Rxc4 26. f3
Rc2 27. e4 Bd7 28. Rd1 d2 29. Kb1 Ba4 30. Bd4 Ra2 31. Kxa2 Bxd1 0-1

[Event "Plzen, FSB A"]
[Site "?"]
[Date "2004.??.??"]
[Round "3.34"]
[White "Skacel, J."]
[Black "Reitingerova, I."]
[Result "1/2-1/2"]
[WhiteElo "2103"]
[BlackElo "1841"]
[PlyCount "45"]
[EventDate "2004.??.??"]
[Source "ChessBase"]
[SourceDate "1996.11.15"]

1. e4 c5 2. Nc3 Nc6 3. g3 g6 4. Bg2 Bg7 5. d3 e6 6. Be3 b6 7. Nge2 Nge7 8. O-O
O-O 9. Qd2 Ba6 10. Bh6 Qc7 11. Bxg7 Kxg7 12. Rfe1 Rad8 13. Nf4 Nd4 14. h4 Nec6
15. Nce2 Nxe2+ 16. Qxe2 f5 17. Qd2 Nd4 18. c3 Nc6 19. Rad1 Rde8 20. b3 e5 21.
Nd5 Qd8 22. Qg5 f4 23. Qxd8 1/2-1/2

[Event "Plzen, FSB A"]
[Site "?"]
[Date "2004.??.??"]
[Round "3.35"]
[White "Vrchotka, J."]
[Black "Svoboda, J."]
[Result "1-0"]
[WhiteElo "2103"]
[BlackElo "1769"]
[PlyCount "83"]
[EventDate "2004.??.??"]
[Source "ChessBase"]
[SourceDate "1996.11.15"]

1. e4 d6 2. Nc3 g6 3. g3 Bg7 4. Bg2 e5 5. Nge2 Be6 6. O-O Nc6 7. d3 Qd7 8. Re1
Nge7 9. Be3 h5 10. h4 O-O-O 11. d4 exd4 12. Nxd4 Bh3 13. Bh1 Ne5 14. a4 Nc4 15.
Bc1 Bg4 16. f3 Bh3 17. Kh2 d5 18. Ndb5 a6 19. Na3 Nxa3 20. Rxa3 d4 21. Ne2 Nc6
22. Nf4 Be6 23. Nd3 Bf8 24. Ra1 f6 25. Bd2 Be7 26. Nf4 Bf7 27. Bg2 Kb8 28. Nd3
g5 29. hxg5 fxg5 30. b4 g4 31. b5 axb5 32. axb5 Na7 33. c4 dxc3 34. Qa4 Qxd3
35. Qxa7+ Kc8 36. Qa8+ Kd7 37. Qxb7 Qc4 38. Bf1 Qe6 39. Bxc3 Rh7 40. Ra6 Bd6
41. e5 Qd5 42. Rxd6+ 1-0

[Event "Plzen, FSB A"]
[Site "?"]
[Date "2004.??.??"]
[Round "3.36"]
[White "Steinhauser, A."]
[Black "Novy, V."]
[Result "1-0"]
[WhiteElo "1714"]
[BlackElo "2093"]
[PlyCount "107"]
[EventDate "2004.??.??"]
[Source "ChessBase"]
[SourceDate "1996.11.15"]

1. e4 c5 2. Nf3 d6 3. d4 cxd4 4. Nxd4 Nf6 5. Nc3 g6 6. Be3 Bg7 7. f3 Nc6 8. Qd2
O-O 9. O-O-O Nxd4 10. Bxd4 Be6 11. h4 Qa5 12. h5 Rfc8 13. hxg6 hxg6 14. g4 b5
15. g5 b4 16. gxf6 bxc3 17. Bxc3 Qxa2 18. Qf4 exf6 19. Bxf6 Qa1+ 20. Kd2 Qa5+
21. Ke3 Rxc2 22. Qh4 Qc5+ 23. Rd4 Qh5 24. Qxh5 gxh5 25. Rg1 Bg4 26. Bxg7 Kxg7
27. fxg4 hxg4 28. Rxg4+ Kf8 29. b4 a5 30. bxa5 Rxa5 31. Rxd6 Ra3+ 32. Rd3 Ra1
33. Rf4 Re1+ 34. Kd4 Ke7 35. Bh3 Ra2 36. Rdf3 Ra4+ 37. Kd5 f6 38. Bf5 Ra5+ 39.
Kc4 Rd1 40. Rd3 Ra4+ 41. Kb3 Rxd3+ 42. Kxa4 Rc3 43. Kb4 Rc7 44. Rh4 Kd6 45. Rh7
Rc1 46. Rd7+ Ke5 47. Rd5+ Kf4 48. Rc5 Re1 49. Kc4 Rxe4+ 50. Bxe4 Kxe4 51. Rc8
f5 52. Re8+ Kf3 53. Kd3 Kg3 54. Ke2 1-0

[Event "Plzen, FSB A"]
[Site "?"]
[Date "2004.??.??"]
[Round "3.37"]
[White "Vlcek, J."]
[Black "Adamek, F."]
[Result "0-1"]
[WhiteElo "1976"]
[BlackElo "2144"]
[PlyCount "54"]
[EventDate "2004.??.??"]
[Source "ChessBase"]
[SourceDate "1996.11.15"]

1. d4 g6 2. c4 Bg7 3. Nc3 d6 4. e4 Nf6 5. f3 O-O 6. Be3 e6 7. g4 Ne8 8. h4 f5
9. Bg5 Qd7 10. Qd2 fxg4 11. fxg4 e5 12. Nge2 Qxg4 13. O-O-O Nc6 14. d5 Nd4 15.
Bh3 Nxe2+ 16. Nxe2 Qxe4 17. h5 Rf2 18. Nc3 Qxh1 19. Qxf2 Qxh3 20. hxg6 hxg6 21.
Rf1 Bf5 22. Be3 Bh6 23. Nd1 Nf6 24. Rg1 Ng4 25. Rxg4 Bxg4 26. Qf6 Bxe3+ 27. Kb1
Bf5+ 0-1